The scarlet letter : a romance /

Wedi'i Gadw mewn:
Manylion Llyfryddiaeth
Prif Awdur: Hawthorne, Nathaniel, 1804-1864.
Fformat: Llyfr
Iaith:English
Cyhoeddwyd: Cambridge : Cambridge University Press, 1997.
Pynciau:
Tagiau: Ychwanegu Tag
Dim Tagiau, Byddwch y cyntaf i dagio'r cofnod hwn!
Thư viện lưu trữ: Mạng thư viện Đại học Đà Nẵng
LEADER 00889cam a2200337 i 4500
001 000045807
003 5006
005 20030212084901.0
008 010220|1997 vm 000 eng
020 |a 0521567831 
040 |a IRC  |c IRC  |d IRC 
041 0 |a eng 
082 1 4 |a 813.3  |b HA-N 
100 1 |a Hawthorne, Nathaniel,  |d 1804-1864. 
245 0 0 |a The scarlet letter :  |b a romance /  |c Nathaniel Hawthorne, 1804-1864. 
260 |a Cambridge :  |b Cambridge University Press,  |c 1997. 
300 |a 320p. 
630 0 4 |a Fiction. 
630 0 4 |a Puritans. 
650 0 4 |a Puritans  |x Massachusetts  |x Fiction. 
650 0 4 |a Women  |z Massachusetts  |x Fiction. 
OWN |a DUT 
999 |a From the UDN01 
TYP |a Monograph 
TYP |a Printed language 
980 |a Mạng thư viện Đại học Đà Nẵng